Szczegóły MARC21

Jak szybko napisać profesjonalny plan marketingowy /

003 -Nazwa inst., której nr kontr. jest w polu 001 [,]
    • @
    • Nazwa instytucji, której n kontrolny jest w polu 001
    • NUKAT
005 -DATA I CZAS OSTATNIEJ MODYFIKACJI [,]
    • @
    • pole kontrolne
    • 20250717014604.0
020 -Międzynarod. znormalizowany nr książki - ISBN [ , ]
    • a
    • Numer ISBN
    • 9788363391393 Find
040 -Instytucja sporządzająca opis [ , ]
    • a
    • Instytucja, która sporządziła opis (NP)
    • KR 7/MN
    • c
    • Instytucja, która sporządziła rekord (NP)
    • KR 7/MN
    • d
    • Instytucja, która zmodyfikowała rekord (P)
    • KR 7/AK
    • d
    • Instytucja, która zmodyfikowała rekord (P)
    • KR 7/HTs
    • d
    • Instytucja, która zmodyfikowała rekord (P)
    • WA 4/PTs
942 -Rodzaj dokumentu [ , ]
    • c
    • Rodzaj dokumentu
    • Książka
100 -Hasło główne - nazwa osobowa [1, ]
    • a
    • Nazwa osobowa (NP)
    • Dziekoński, Michał.
    • 9
    • KHW
    • 49118
245 -Strefa tytułu i oznaczenia odpowiedzialności [1,0]
    • a
    • Tytuł
    • Jak szybko napisać profesjonalny plan marketingowy / Find
    • c
    • Pozostałe elementy strefy tytułu i oznaczenia odpowiedzialności (NP)
    • Michał Dziekoński, Robert Kozielski.
250 -Strefa wydania [ , ]
    • a
    • Oznaczenie wydania (NP)
    • Wyd. 3.
260 -Strefa adresu wydawniczego [ , ]
    • a
    • Miejsce wydania (P)
    • [Warszawa] :
    • b
    • Nazwa wydawcy (P)
    • Wydawnictwo Nieoczywiste,
    • c
    • Data wydania (P)
    • cop. 2017.
300 -Strefa opisu fizycznego [ , ]
    • a
    • Określenie formy książki i/lub objętość (NP)
    • 309 s. :
    • b
    • Oznaczenie ilustracji (NP)
    • il. ;
    • c
    • Format (NP)
    • 21 cm.
336 -Typ zawartości [ , ]
    • a
    • Termin opisujący typ zawartości
    • Tekst
    • b
    • Kod określający zawartość
    • txt
    • 2
    • Źródło (terminu i kodu)
    • rdacontent
337 -Typ mediów [ , ]
    • a
    • Tryb odtwarzania
    • Bez urządzenia pośredniczącego
    • b
    • Kod typu mediów
    • n
    • 2
    • Źródło (terminu i kodu)
    • rdamedia
338 -Typ/rodzaj nośnika [ , ]
    • a
    • Hasło opisujące typ nośnika
    • Wolumin
    • b
    • Kod typu nośnika
    • nc
    • 2
    • Źródło (terminu i kodu)
    • rdacarrier
380 -Deskryptor - Forma dzieła (P) [ , ]
    • a
    • forma dzieła (NP)
    • Książki
380 -Deskryptor - Forma dzieła (P) [ , ]
    • a
    • forma dzieła (NP)
    • Publikacje dydaktyczne
380 -Deskryptor - Forma dzieła (P) [ , ]
    • a
    • forma dzieła (NP)
    • Publikacje fachowe
385 -Deskryptor - grupa odbiorców (P) [ , ]
    • a
    • termin określający odbiorcę (P)
    • Menedżerowie i menedżerki
385 -Deskryptor - grupa odbiorców (P) [ , ]
    • a
    • termin określający odbiorcę (P)
    • Handlowcy
385 -Deskryptor - grupa odbiorców (P) [ , ]
    • m
    • wyrażenie wprowadzające (NP)
    • Poziom nauczania
    • a
    • termin określający odbiorcę (P)
    • Szkoły wyższe
388 -Deskryptor - czas powstania dzieła (P) [1, ]
    • a
    • Czas powstania dzieła (NP)
    • 2001-
500 -Uwaga ogólna [ , ]
    • a
    • Uwaga ogólna (NP)
    • U góry okł.: "www. szablon planu marketingowego w wersji elektronicznej".
504 -Uwaga dot. bibliogr. załącznikowej [ , ]
    • a
    • Uwaga dot. bibliografii załącznikowej
    • Bibliogr. s. 301-302.
521 -Uwaga dot. przeznaczenia czytelniczego [8, ]
    • a
    • Uwaga dot. przeznaczenia czytelniczego
    • Dla studentów, konsultantów, trenerów oraz dla tych, którzy chcą poznać nowoczesne narzędzia planowania marketingowego.
648 -Hasło przedmiotowe - chronologia [ ,7]
    • a
    • Deskryptor chronologiczny
    • 2001-
    • 2
    • Źródło terminu
    • DBN
    • 9
    • KHW
    • 721449
650 -Hasło przedmiotowe [ ,7]
    • a
    • Hasło przedmiotowe
    • Biznesplan
    • v
    • Określnik formalny
    • poradniki.
    • 2
    • Źródło terminu
    • kaba
    • 9
    • KHW
    • 352874
650 -Hasło przedmiotowe [ ,7]
    • a
    • Hasło przedmiotowe
    • Marketing
    • x
    • Określnik rzeczowy
    • planowanie
    • v
    • Określnik formalny
    • poradniki.
    • 2
    • Źródło terminu
    • kaba
    • 9
    • KHW
    • 371106
650 -Hasło przedmiotowe [ ,7]
    • a
    • Hasło przedmiotowe
    • Marketing
    • 2
    • Źródło terminu
    • DBN
    • 9
    • KHW
    • 723964
650 -Hasło przedmiotowe [ ,7]
    • a
    • Hasło przedmiotowe
    • Plan marketingowy
    • 2
    • Źródło terminu
    • DBN
650 -Hasło przedmiotowe [ ,7]
    • a
    • Hasło przedmiotowe
    • Przedsiębiorstwo
    • 2
    • Źródło terminu
    • DBN
    • 9
    • KHW
    • 721070
655 -Hasło w funkcji tematu formalnego [ ,7]
    • a
    • Hasło
    • Podręcznik
    • 2
    • Źródło terminu
    • DBN
    • 9
    • KHW
    • 720960
655 -Hasło w funkcji tematu formalnego [ ,7]
    • a
    • Hasło
    • Praca zbiorowa
    • 2
    • Źródło terminu
    • DBN
    • 9
    • KHW
    • 721444
658 -Ujęcie treści [ , ]
    • a
    • dziedzina nauki i sztuki/ sfera aktywności życiowej
    • Zarządzanie i marketing
700 -Hasło dodatkowe - nazwa osobowa [1, ]
    • a
    • Nazwa osobowa (NP)
    • Kozielski, Robert Find
    • d
    • Daty biograficzne (NP)
    • (1968- ).
    • 9
    • KHW
    • 49119
710 -Hasło dodatkowe - nazwa ciała zbiorowego [2, ]
    • a
    • Nazwa ciała zbiorowego lub nazwa geograficzna jako pierwszy element (NP)
    • GAB Doradztwo Wydawnicze Grzegorz Boguta.
    • 4
    • Kod relacji
    • pbl
    • 9
    • KHW
    • 405527
920 -ISBN [ , ]
    • a
    • ISBN
    • 978-83-63391-39-3 Find
Lokalizacja Data inwentaryzacji Status udost. Numer inwentarzowy Sygnatura
BE2021-10-28-2E.80537 
BE2021-10-28-6S.97499 
T2024-02-23-3TM.16249TM.16249